000 00785nam a2200229 a 4500
001 000014824
005 20200929163915.0
008 100122s2004 dr ac 001 0 spa d
040 _aDO-SdBNP
_bspa
_cBNPHU
082 _a796.83
_bC794c
100 1 _aCordero Recio, Eduardo
_933578
245 1 0 _aCurso completo de boxeo /
_cEduardo Cordero Recio ; prólogo Solano G., Bienvenido.
260 _a[Santo Domingo] :
_b[s.n.],
_c[200?].
300 _a196 p. :
_bil. ; retrs. ;
_c21 cm.
500 _aIncluye datos biográficos del autor en la contracubierta
504 _aIncluye bibliografías [p. 196]
650 4 _aBoxeo
_920931
650 4 _aFilosofía del deporte
_933579
650 4 _aDefensa personal
_920936
650 4 _aBoxeadores
_920932
650 4 _aMujeres deportista
_933580
999 _c14405
_d14405